Eins, zwei, drei, vier – Welche Sprache ist das? - Statistiken

Allgemein
  • Dieses Quiz wurde 842 mal gespielt
  • Das Durchschnittsergebnis liegt bei 11 aus 18
Antwortstatistiken
Hint Antwort % Korrekt
eins, zwei, drei, vier Deutsch
96%
one, two, three, four Englisch
95%
un, deux, trois, quatre Französisch
93%
een, twee, drie, vier Niederländisch
90%
bir, iki, üç, dört Türkisch
89%
un, dos, tres, cuatro Spanisch
87%
uno, due, tre, quattro Italienisch
82%
jeden, dwa, trzy, cztery Polnisch
75%
*ichi, ni, san, shi/yon Japanisch
73%
en/ett, två, tre, fyra Schwedisch
64%
yksi, kaksi, kolme, neljä Finnisch
58%
*wāḥid, iṯnān, ṯalāṯa, arbaʿa Arabisch
47%
*odin, dva, tri, chetyre Russisch
37%
moja, bili, tatu, 'nne Swahili
35%
*eîs, dúo, treiîs, téssares Griechisch
34%
satu, dua, tiga, empat Indonesisch
31%
një, dy, tre, katër Albanisch
29%
un, dau, tri, pedwar Walisisch
20%
Keine übereinstimmenden Quizze gefunden
Verteilung der Resultate
Anzahl Personen mit jedem Resultat
Perzentil nach korrekt beantworteten Fragen
Ihre Resultats-Entwicklung
Sie haben dieses Quiz noch nicht gespielt